000 00906nam a2200325 a 4500
001 vtls000046884
003 NLI
005 20210601185433.0
008 101125s1933 enk 000 p eng
039 9 _y201011250431
_zVLOAD
040 0 _aNLI
_beng
_cVERGIS-2003
041 0 _aeng
044 _aenk
082 0 4 _a821.91
100 1 _aSassoon, Siegfried
245 1 4 _aThe road to ruin/
_cSiegfried Sassoon
260 _aLondon:
_bFaber and Faber,
_c1933
300 _a23 p.;
_c23 cm.
650 0 _aEnglish poetry
_y20th century
_9117738
887 _aP. Nirmaladevi
901 _aN.A. 414
_b12/02/1975
902 _aE 821.91 Sa 79 r
903 _a31/05/2004
904 _aP. Nirmaladevi
906 _a049516
949 _AVIRTUAITEM
_D10000
_F1
_X100
_6NAX000000414ENG
_aE 821.91 Sa79r
942 _2ddc
_cBKS
999 _aVIRTUA
_c51137
_d51137
999 _aVTLSSORT9010*9020*9030*9040*9060*9490*9991